<?xml version="1.0" encoding="UTF-8"?>
<record
    xmlns:xsi="http://www.w3.org/2001/XMLSchema-instance"
    xsi:schemaLocation="http://www.loc.gov/MARC21/slim http://www.loc.gov/standards/marcxml/schema/MARC21slim.xsd"
    xmlns="http://www.loc.gov/MARC21/slim">

  <leader>01794nam a2200265 a 4500</leader>
  <controlfield tag="001">000081705</controlfield>
  <controlfield tag="005">20200120224618.0</controlfield>
  <controlfield tag="008">161124s2014    sp a|||gr|||| 000 ||spa d</controlfield>
  <datafield tag="020" ind1=" " ind2=" ">
    <subfield code="a">9788415685364</subfield>
  </datafield>
  <datafield tag="041" ind1="0" ind2=" ">
    <subfield code="a">-&#xBF;spa</subfield>
  </datafield>
  <datafield tag="043" ind1=" " ind2=" ">
    <subfield code="a">ae-uk-en</subfield>
  </datafield>
  <datafield tag="082" ind1="0" ind2="4">
    <subfield code="2">21</subfield>
  </datafield>
  <datafield tag="090" ind1=" " ind2=" ">
    <subfield code="a">AH</subfield>
    <subfield code="b">ROCPs</subfield>
  </datafield>
  <datafield tag="100" ind1="1" ind2=" ">
    <subfield code="a">Roca, Paco</subfield>
  </datafield>
  <datafield tag="245" ind1="1" ind2="4">
    <subfield code="a">Los Surcos del azar /</subfield>
    <subfield code="c">Paco Roca.</subfield>
  </datafield>
  <datafield tag="250" ind1=" " ind2=" ">
    <subfield code="a">1a. ed.</subfield>
  </datafield>
  <datafield tag="260" ind1=" " ind2=" ">
    <subfield code="a">Bilbao :</subfield>
    <subfield code="b">Astiberri ediciones,</subfield>
    <subfield code="c">2014.</subfield>
  </datafield>
  <datafield tag="300" ind1=" " ind2=" ">
    <subfield code="a">326 p&#xE1;ginas :</subfield>
    <subfield code="b">ilustraciones a color.</subfield>
  </datafield>
  <datafield tag="490" ind1=" " ind2="0">
    <subfield code="a">Sill&#xF3;n Orejero</subfield>
  </datafield>
  <datafield tag="520" ind1="1" ind2=" ">
    <subfield code="a">"A trav&#xE9;s de los recuerdos de Miguel Ruiz, republicano espa&#xF1;ol exiliado en Francia, Paco Roca reconstruye la historia de La Nueve, una compa&#xF1;&#xED;a a las &#xF3;rdenes del capit&#xE1;n Dronne integrada en la segunda divisi&#xF3;n blindada del general Leclerc, y formada mayoritariamente por republicanos espa&#xF1;oles. Una historia apasionante y olvidada sobre la contribuci&#xF3;n espa&#xF1;ola en la Segunda Guerra Mundial. La mayor&#xED;a de los hombres que compon&#xED;an La Nueve ten&#xED;an menos de 20 a&#xF1;os cuando en 1936 cogieron las armas por primera vez para defender la Rep&#xFA;blica espa&#xF1;ola. Ninguno sab&#xED;a entonces que los supervivientes ya no las abandonar&#xED;an hasta ocho a&#xF1;os despu&#xE9;s, y que en la noche del 24 de agosto de 1944 ser&#xED;an los primeros en entrar en Par&#xED;s. Los carros de combate llevaban, en el morro, nombres sorprendentes: Madrid, Don Quichotte, Guadalajara, Ebro o Guernica. Los soldados se apellidaban Granell, Campos, F&#xE1;bregas, Royo, Pujol... Ellos encabezar&#xE1;n el desfile de la victoria del d&#xED;a 26 por los Campos El&#xED;seos. Sin embargo, no lograr&#xE1;n su m&#xE1;xima meta de ver Espa&#xF1;a libre del franquismo."</subfield>
  </datafield>
  <datafield tag="650" ind1="1" ind2="4">
    <subfield code="a">Guerra Mundial</subfield>
    <subfield code="x">Novela gr&#xE1;fica espa&#xF1;ola</subfield>
    <subfield code="y">1939-1945</subfield>
    <subfield code="2">LEMB</subfield>
  </datafield>
  <datafield tag="650" ind1="2" ind2="4">
    <subfield code="a">C&#xF3;mic espa&#xF1;ol</subfield>
  </datafield>
  <datafield tag="650" ind1="2" ind2="7">
    <subfield code="2">LEMB</subfield>
  </datafield>
  <datafield tag="650" ind1="2" ind2="7">
    <subfield code="2">LEMB</subfield>
  </datafield>
  <datafield tag="999" ind1=" " ind2=" ">
    <subfield code="c">10116</subfield>
    <subfield code="d">10116</subfield>
  </datafield>
  <datafield tag="952" ind1=" " ind2=" ">
    <subfield code="0">0</subfield>
    <subfield code="1">0</subfield>
    <subfield code="2">ddc</subfield>
    <subfield code="4">0</subfield>
    <subfield code="7">0</subfield>
    <subfield code="8">LA</subfield>
    <subfield code="a">BPMOS</subfield>
    <subfield code="b">BPMOS</subfield>
    <subfield code="d">2020-01-20</subfield>
    <subfield code="i">102306</subfield>
    <subfield code="l">4</subfield>
    <subfield code="o">AH ROCPs</subfield>
    <subfield code="p">MOS016759</subfield>
    <subfield code="r">2021-09-03</subfield>
    <subfield code="s">2021-09-03</subfield>
    <subfield code="t">ej.1</subfield>
    <subfield code="w">2020-01-20</subfield>
    <subfield code="y">BKLIT</subfield>
    <subfield code="z">Quince d&#xED;as</subfield>
  </datafield>
</record>
